[Event "WYCC U16 Open 2013"]
[Site "Al-Ain UAE"]
[Date "2013.12.21"]
[Round "4.20"]
[White "Faizrakhmanov, Ramil"]
[Black "Eggink, Ryszard"]
[Result "0-1"]
[WhiteTitle "FM"]
[WhiteElo "2357"]
[BlackElo "2165"]
[WhiteFideId "24103209"]
[BlackFideId "1125869"]
[EventDate "2013.12.18"]

1. d4 Nf6 2. c4 e6 3. Nf3 Bb4+ 4. Nbd2 b6 5. a3 Bxd2+ 6. Qxd2 Bb7 7. e3 Ne4 8.
Qc2 O-O 9. Be2 f5 10. b4 a5 11. Bb2 axb4 12. axb4 Rxa1+ 13. Bxa1 Ng5 14. h4
Nxf3+ 15. gxf3 d5 16. cxd5 exd5 17. Bd3 Qd7 18. b5 c6 19. Ke2 cxb5 20. Qb3 Ba6
21. Bc3 b4 22. Bxb4 Rc8 23. Bd2 Bxd3+ 24. Qxd3 Qe6 25. f4 Nd7 26. Rb1 h5 27. f3
Qg6 28. Kf2 Qf6 29. Rb5 Qe6 30. Qb3 Rc4 31. Qa2 Qc6 32. Rb2 Kh7 33. Qb1 Qf6 34.
Ke2 Qg6 35. Be1 Qe6 36. Kd3 Qc6 37. Bd2 Qf6 38. Rb5 Qc6 39. Qb3 Qe6 40. Be1 Kh6
41. Bd2 Kg6 42. Qa2 Qc6 43. Rb1 Ra4 44. Qc2 Ra3+ 45. Bc3 b5 46. Kd2 Nb6 47. Rb3
Nc4+ 48. Ke2 Qa6 49. Bb2 Ra2 50. Ke1 Qa4 51. e4 Nxb2 52. exf5+ Kf7 53. Qc7+ Kg8
54. f6 Ra1+ 55. Ke2 Qc4+ 56. Qxc4 Nxc4 57. Rxb5 Ra2+ 58. Kd3 Ra3+ 59. Ke2 Ra5
60. Rb8+ Kf7 61. fxg7 Kxg7 62. Rb7+ Kf6 63. Rh7 Kg6 64. Rd7 Ra2+ 65. Kd3 Ra3+
66. Ke2 Ne3 67. Re7 Nf5 68. Re6+ Kf7 69. Re5 Nxd4+ 70. Kf2 Rxf3+ 71. Kg2 Rxf4
72. Kg3 Rf5 0-1

[Event "WYCC U16 Open 2013"]
[Site "Al-Ain UAE"]
[Date "2013.12.21"]
[Round "4.21"]
[White "Basso, Pier Luigi"]
[Black "Rydstrom, Tom"]
[Result "1-0"]
[WhiteElo "2303"]
[BlackElo "2156"]
[WhiteFideId "866970"]
[BlackFideId "1714830"]
[EventDate "2013.12.18"]

1. d4 d5 2. c4 c6 3. cxd5 cxd5 4. Nc3 Nf6 5. Bf4 Nc6 6. e3 e6 7. Bd3 Be7 8. Nf3
O-O 9. Ne5 Qb6 10. a3 Nxe5 11. dxe5 Nd7 12. b4 a5 13. O-O axb4 14. axb4 Rxa1 15.
Qxa1 Qxb4 16. Nb5 Qc5 17. Qb1 g6 18. Rc1 Qb6 19. Rc7 Re8 20. e4 dxe4 21. Bxe4
Bc5 22. Qf1 Nb8 23. Nd6 Qxc7 24. Nxe8 Qd8 25. Nf6+ Kh8 26. g4 Nd7 27. g5 Nxf6
28. gxf6 Qd4 29. Qe2 Bd7 30. h4 Bc6 31. Bxc6 bxc6 32. Qa2 h5 33. Qa8+ Kh7 34.
Bg3 Qd7 35. Kh2 Qa7 36. Qc8 Bxf2 37. Qf8 Bxg3+ 38. Kh3 1-0

[Event "WYCC U16 Open 2013"]
[Site "Al-Ain UAE"]
[Date "2013.12.21"]
[Round "4.22"]
[White "Kourkoulos-Arditis, Stamatis"]
[Black "Petr, Jan2"]
[Result "1/2-1/2"]
[WhiteElo "2297"]
[BlackElo "2151"]
[WhiteFideId "4221990"]
[BlackFideId "345784"]
[EventDate "2013.12.18"]

1. e4 e5 2. Nf3 Nc6 3. Bb5 a6 4. Ba4 Nf6 5. d3 b5 6. Bb3 Bc5 7. O-O d6 8. c3 O-O
9. Nbd2 Bb6 10. Re1 Ne7 11. Nf1 Ng6 12. a4 Rb8 13. Ng3 h6 14. Nf5 d5 15. Qe2
dxe4 16. dxe4 Ng4 17. N3d4 Nxf2 18. Qxf2 exd4 19. a5 Ba7 20. cxd4 Ne5 21. Rd1
Bxf5 22. exf5 Qf6 23. Kh1 Ng4 24. Qg3 Qxf5 25. Bf4 Rbd8 26. h3 Nf6 27. Be5 Qg5
28. Qf3 c5 29. Rf1 cxd4 30. Bxf6 gxf6 31. Qc6 Rc8 32. Qxa6 Bb8 33. Qxf6 Qg3 34.
Bxf7+ Kh7 35. Qf5+ Kg7 36. Qf6+ Kh7 37. Qf5+ Kg7 38. Qf6+ Kh7 1/2-1/2

[Event "WYCC U16 Open 2013"]
[Site "Al-Ain UAE"]
[Date "2013.12.21"]
[Round "4.23"]
[White "Petrosyan, Manuel"]
[Black "Machan, Jan"]
[Result "1-0"]
[WhiteTitle "CM"]
[WhiteElo "2294"]
[BlackElo "2147"]
[WhiteFideId "13300857"]
[BlackFideId "334774"]
[EventDate "2013.12.18"]

1. c4 c6 2. d4 d5 3. Nc3 Nf6 4. Nf3 e6 5. e3 Nbd7 6. Qc2 Be7 7. Bd3 O-O 8. O-O
dxc4 9. Bxc4 c5 10. Rd1 a6 11. Bd3 cxd4 12. exd4 Nb6 13. Ne5 h6 14. Qe2 Nbd5 15.
Qf3 Re8 16. Qg3 Nh5 17. Qh3 Nhf6 18. Bb1 Bf8 19. Qg3 Nh5 20. Qd3 f5 21. a3 Nhf6
22. Qg3 g5 23. Nxd5 exd5 24. h4 g4 25. Qb3 Bg7 26. Ba2 b5 27. Nd3 Be6 28. Nf4
Bf7 29. g3 Qd6 30. Be3 Rac8 31. Rac1 Ne4 32. Qd3 Qd7 33. Kg2 Qd6 34. Rc2 Rxc2
35. Qxc2 Rd8 36. Rc1 Bf8 37. Qc6 Kg7 38. Nd3 Qxc6 39. Rxc6 Rd6 40. Rc7 Kg8 41.
Ne5 Be6 42. Ng6 Bf7 43. h5 Bxg6 44. hxg6 Nf6 45. Bf4 Rb6 46. Be5 Bg7 47. Bxd5+ 1-0

[Event "WYCC U16 Open 2013"]
[Site "Al-Ain UAE"]
[Date "2013.12.21"]
[Round "4.24"]
[White "Huber, Martin Christian"]
[Black "Nastase, Robert-Paul"]
[Result "0-1"]
[WhiteElo "2290"]
[BlackElo "2141"]
[WhiteFideId "1623435"]
[BlackFideId "1221175"]
[EventDate "2013.12.18"]

1. Nf3 e6 2. g3 f5 3. Bg2 Nf6 4. O-O d5 5. c4 c6 6. d4 Bd6 7. Bf4 Bxf4 8. gxf4
O-O 9. e3 Bd7 10. Qb3 b5 11. cxb5 cxb5 12. Ne5 a5 13. Nc3 a4 14. Qb4 Na6 15. Qd6
Qc7 16. Qxc7 Nxc7 17. a3 Rfc8 18. Rfc1 Be8 19. Bf1 Kf8 20. Rc2 Na6 21. Rac1 Rcb8
22. Na2 b4 23. Nc6 b3 24. Nxb8 Nxb8 25. Rc8 bxa2 26. Bb5 Ke7 27. R8c7+ Bd7 28.
Bxd7 Nbxd7 29. Ra1 Ne8 30. Rb7 0-1

[Event "WYCC U16 Open 2013"]
[Site "Al-Ain UAE"]
[Date "2013.12.21"]
[Round "4.25"]
[White "Foo, William J"]
[Black "Lamard, Guillaume"]
[Result "0-1"]
[BlackTitle "FM"]
[WhiteElo "2144"]
[BlackElo "2288"]
[WhiteFideId "419753"]
[BlackFideId "600261"]
[EventDate "2013.12.18"]

1. d4 Nf6 2. c4 e6 3. g3 d5 4. Nf3 dxc4 5. Bg2 Bd7 6. Ne5 Bc6 7. Nxc6 Nxc6 8. e3
Qd7 9. O-O O-O-O 10. Qa4 Nd5 11. Qxc4 h5 12. Nc3 h4 13. Ne4 hxg3 14. fxg3 f5 15.
Nc5 Bxc5 16. Qxc5 g5 17. Bd2 g4 18. Rf2 Rh5 19. b4 Kb8 20. b5 Nce7 21. Raf1 Nf6
22. Qe5 Nfd5 23. Bxd5 Qxd5 24. Qxd5 Rxd5 25. a4 Nc8 26. Bb4 Nb6 27. e4 Rxd4 28.
exf5 Rxf5 29. Rxf5 exf5 30. Bc5 Rd5 31. Bxb6 axb6 32. Kf2 Re5 33. h4 gxh3 34.
Rh1 c6 35. Rxh3 cxb5 36. axb5 Rxb5 37. Ke3 Rc5 38. Rh5 f4+ 0-1

[Event "WYCC U16 Open 2013"]
[Site "Al-Ain UAE"]
[Date "2013.12.21"]
[Round "4.26"]
[White "Bilguun, Sumiya"]
[Black "Cortes Orihuela, Javier"]
[Result "1-0"]
[WhiteTitle "FM"]
[WhiteElo "2270"]
[BlackElo "2131"]
[WhiteFideId "4901541"]
[BlackFideId "3414329"]
[EventDate "2013.12.18"]

1. e4 e5 2. Bc4 Nf6 3. d3 c6 4. Nf3 d5 5. Bb3 Bd6 6. Nc3 dxe4 7. Ng5 O-O 8.
Ngxe4 Nxe4 9. Nxe4 Bf5 10. O-O Bxe4 11. dxe4 a5 12. c3 Na6 13. Re1 Nc5 14. Bc4
b5 15. Bf1 Qc7 16. Qc2 a4 17. Be3 Ne6 18. b4 axb3 19. axb3 Bc5 20. Bxc5 Nxc5 21.
b4 Ne6 22. Ra2 Ra7 23. Rea1 Rfa8 24. g3 g6 25. h4 Rxa2 26. Rxa2 Rxa2 27. Qxa2 h5
28. Bh3 Nf8 29. Qd2 Qa7 30. Kg2 Kg7 31. Qc2 1-0

[Event "WYCC U16 Open 2013"]
[Site "Al-Ain UAE"]
[Date "2013.12.21"]
[Round "4.27"]
[White "Kessler, Luca"]
[Black "Tutisani, Noe"]
[Result "0-1"]
[WhiteElo "2249"]
[BlackElo "2120"]
[WhiteFideId "1600087"]
[BlackFideId "13602853"]
[EventDate "2013.12.18"]

1. d4 Nf6 2. c4 g6 3. d5 c6 4. Nc3 d6 5. e4 Bg7 6. Nf3 O-O 7. Be2 a6 8. O-O b5
9. cxb5 axb5 10. Qb3 Na6 11. dxc6 b4 12. Nd5 Nxe4 13. Qe3 Nac5 14. Nxb4 Be6 15.
Nd4 Qb6 16. Nxe6 fxe6 17. a3 d5 18. Bf3 Qc7 19. Bxe4 Nxe4 20. Qh3 Rf5 21. Ra2
Raf8 22. b3 Qd6 23. f4 Bd4+ 24. Be3 Rxf4 25. Rxf4 Qxf4 26. Qxe6+ Rf7 27. Qc8+
Kg7 28. Bxd4+ e5 29. Bxe5+ Qxe5 30. h3 Qd4+ 31. Kh2 Rf1 0-1

[Event "WYCC U16 Open 2013"]
[Site "Al-Ain UAE"]
[Date "2013.12.21"]
[Round "4.28"]
[White "Mousavi, Seyed Khalil"]
[Black "Wagdy, Andro"]
[Result "1/2-1/2"]
[WhiteTitle "FM"]
[BlackTitle "FM"]
[WhiteElo "2238"]
[BlackElo "2109"]
[WhiteFideId "12511099"]
[BlackFideId "10604413"]
[EventDate "2013.12.18"]

1. Nf3 d5 2. d4 Nf6 3. e3 e6 4. c4 c6 5. Nbd2 Be7 6. Bd3 O-O 7. O-O Nbd7 8. e4
dxe4 9. Nxe4 Nxe4 10. Bxe4 Nf6 11. Bc2 b6 12. Qd3 Bb7 13. Bg5 g6 14. Rad1 Qc7
15. Qc3 Ng4 16. Bxe7 Qxe7 17. Rfe1 Rfd8 18. Qd2 Nf6 19. Qg5 Re8 20. Ba4 1/2-1/2

[Event "WYCC U16 Open 2013"]
[Site "Al-Ain UAE"]
[Date "2013.12.21"]
[Round "4.29"]
[White "Nazarov, Rustem"]
[Black "Liu, Andrew"]
[Result "1-0"]
[WhiteElo "2136"]
[BlackElo "2236"]
[WhiteFideId "14002280"]
[BlackFideId "2071150"]
[EventDate "2013.12.18"]

1. e4 c5 2. Nf3 Nc6 3. d4 cxd4 4. Nxd4 e5 5. Nb5 d6 6. N1c3 a6 7. Na3 Be7 8. Nd5
Be6 9. c4 Nf6 10. Nxf6+ Bxf6 11. Be2 Bg5 12. O-O O-O 13. Nc2 Bxc1 14. Rxc1 Rc8
15. Qd2 Qe7 16. Rfd1 Rfd8 17. b4 Qh4 18. f3 Rc7 19. Qe3 Rcd7 20. a3 g6 21. b5
axb5 22. cxb5 Ne7 23. Nb4 f5 24. b6 f4 25. Qc3 Nc8 26. Bc4 Bf7 27. Bxf7+ Rxf7
28. Nd5 g5 29. Qb3 Kg7 30. Rc7 Rf8 31. Rdc1 h5 32. Qc3 g4 33. Rxc8 Rxc8 34. Qxc8
gxf3 35. Qh3 f2+ 36. Kf1 Qg5 37. Rc7 1-0

[Event "WYCC U16 Open 2013"]
[Site "Al-Ain UAE"]
[Date "2013.12.21"]
[Round "4.30"]
[White "Mosadeghpour, Masoud"]
[Black "Ghvamberia, Nika"]
[Result "1-0"]
[WhiteElo "2230"]
[BlackElo "2086"]
[WhiteFideId "12519278"]
[BlackFideId "13602128"]
[EventDate "2013.12.18"]

1. e4 c5 2. d4 cxd4 3. c3 dxc3 4. Nxc3 Nc6 5. Nf3 d6 6. Bc4 a6 7. O-O Nf6 8. Bf4
Qc7 9. Rc1 e6 10. Re1 Qd8 11. Nd5 exd5 12. exd5+ Ne7 13. Qa4+ Qd7 14. Qa3 b5 15.
Bb3 a5 16. Bxd6 a4 17. Rc7 Qxc7 18. Bxc7 Bb7 19. Qc5 1-0

[Event "WYCC U16 Open 2013"]
[Site "Al-Ain UAE"]
[Date "2013.12.21"]
[Round "4.31"]
[White "Sosovicka, Matej"]
[Black "Hua, David A"]
[Result "0-1"]
[WhiteElo "2098"]
[BlackElo "2229"]
[WhiteFideId "14916770"]
[BlackFideId "2030047"]
[EventDate "2013.12.18"]

1. e4 c5 2. Nf3 e6 3. d4 cxd4 4. Nxd4 a6 5. c4 Nf6 6. Nc3 Qc7 7. a3 b6 8. Be3
Bb7 9. f3 Nc6 10. Rc1 Ne5 11. b4 Ng6 12. Nb3 Rb8 13. Qd2 Be7 14. Be2 O-O 15. Na4
Ba8 16. Qd4 Nf4 17. Bf1 e5 18. Qd2 Bxe4 19. fxe4 Nxe4 20. Qc2 Qc6 21. Nd4 exd4
22. Bxf4 Bh4+ 23. g3 Rfe8 24. gxh4 Qf6 25. Be2 Qxh4+ 26. Bg3 Nxg3 27. hxg3 Qxh1+
28. Kd2 Qg2 29. Re1 Re3 30. Nb2 Rbe8 0-1

[Event "WYCC U16 Open 2013"]
[Site "Al-Ain UAE"]
[Date "2013.12.21"]
[Round "4.32"]
[White "Bora, Safal"]
[Black "Mezhlumyan, Marat"]
[Result "1-0"]
[WhiteElo "2176"]
[BlackElo "1927"]
[WhiteFideId "2066149"]
[BlackFideId "13302973"]
[EventDate "2013.12.18"]

1. Nf3 Nf6 2. g3 g6 3. Bg2 Bg7 4. c4 d5 5. cxd5 Nxd5 6. O-O O-O 7. d4 Nc6 8. e4
Nb6 9. d5 Na5 10. Qe1 Nac4 11. Nc3 e6 12. b3 Nd6 13. e5 Nxd5 14. Nxd5 exd5 15.
exd6 Bxa1 16. dxc7 Qe8 17. Ba3 Qxe1 18. Rxe1 Bf6 19. Bxf8 Kxf8 20. Ne5 Be6 21.
Bxd5 Rc8 22. Bxe6 fxe6 23. Nd7+ Kf7 24. Nxf6 Kxf6 25. Rc1 Ke5 26. Kg2 b6 27. Kf3
Kf5 28. Rc6 Ke5 29. Ke3 Kd5 30. Rc2 Ke5 31. f4+ Kd5 32. Rd2+ Kc5 33. Ke4 Kb4 34.
Rc2 1-0

[Event "WYCC U16 Open 2013"]
[Site "Al-Ain UAE"]
[Date "2013.12.21"]
[Round "4.33"]
[White "Aleksanyan, Hrant"]
[Black "Carneiro, Vitor Roberto Castro"]
[Result "1/2-1/2"]
[BlackTitle "CM"]
[WhiteElo "1981"]
[BlackElo "2277"]
[WhiteFideId "13306634"]
[BlackFideId "2130106"]
[EventDate "2013.12.18"]

1. d4 Nf6 2. Nf3 g6 3. g3 Bg7 4. Bg2 O-O 5. O-O d6 6. b3 c5 7. Bb2 Nc6 8. c4
cxd4 9. Nxd4 Bd7 10. Nc3 Rc8 11. Qd2 Qa5 12. Rfd1 Qh5 13. Nd5 Nxd5 14. Bxd5 Bg4
15. Re1 Rfd8 16. Bg2 a6 17. Nxc6 bxc6 18. Bxg7 Kxg7 19. e4 Qc5 20. h3 Be6 21.
Rad1 a5 22. Qd4+ Qxd4 23. Rxd4 a4 24. Red1 c5 25. R4d3 Rf8 26. Re3 Rb8 27. e5
Rb6 28. exd6 exd6 29. g4 Rfb8 30. Rdd3 Kf6 31. Kh2 h5 32. Kg3 hxg4 33. hxg4 Kg7
34. Bf3 g5 35. Be4 Kf6 36. Bd5 Ke7 37. Bxe6 fxe6 1/2-1/2

[Event "WYCC U16 Open 2013"]
[Site "Al-Ain UAE"]
[Date "2013.12.21"]
[Round "4.34"]
[White "Lampert, Jonas"]
[Black "Neagu, Mihai-Cosmin"]
[Result "1/2-1/2"]
[WhiteElo "2378"]
[BlackElo "2069"]
[WhiteFideId "1303759"]
[BlackFideId "1205560"]
[EventDate "2013.12.18"]

1. d4 Nf6 2. c4 e6 3. Nc3 Bb4 4. Nf3 b6 5. Bg5 h6 6. Bh4 Bb7 7. Nd2 Be7 8. e3 d5
9. cxd5 exd5 10. Be2 Nbd7 11. O-O O-O 12. Nf3 Ne4 13. Bxe7 Qxe7 14. Rc1 c6 15.
Qc2 Rac8 16. Nd2 f5 17. Bd3 Ndf6 18. Rce1 Nxd2 19. Qxd2 Ne4 20. Qc2 Qg5 21. Ne2
Rc7 22. Nf4 1/2-1/2

[Event "WYCC U16 Open 2013"]
[Site "Al-Ain UAE"]
[Date "2013.12.21"]
[Round "4.35"]
[White "Filipets, Egor"]
[Black "Sardana, Rishi"]
[Result "0-1"]
[WhiteElo "2112"]
[BlackElo "2373"]
[WhiteFideId "13503928"]
[BlackFideId "25004301"]
[EventDate "2013.12.18"]

1. b3 e5 2. Bb2 Nc6 3. e3 Nf6 4. Nf3 e4 5. Nd4 Nxd4 6. Bxd4 d5 7. Be2 Bd6 8. c4
dxc4 9. Bxc4 Qe7 10. Nc3 Be5 11. Bxe5 Qxe5 12. d4 Qg5 13. g3 O-O 14. Qc2 Bf5 15.
O-O a6 16. a4 c6 17. f4 0-1

[Event "WYCC U16 Open 2013"]
[Site "Al-Ain UAE"]
[Date "2013.12.21"]
[Round "4.36"]
[White "Dale, Ari"]
[Black "Horton, Andrew P"]
[Result "1/2-1/2"]
[WhiteTitle "IM"]
[WhiteElo "2289"]
[BlackElo "2086"]
[WhiteFideId "3213145"]
[BlackFideId "424269"]
[EventDate "2013.12.18"]

1. d4 Nf6 2. c4 e6 3. Nc3 Bb4 4. e3 b6 5. Ne2 Ba6 6. a3 Bxc3+ 7. Nxc3 d5 8. Qa4+
Qd7 9. Qxd7+ Nbxd7 10. Nb5 Bxb5 11. cxb5 Nb8 12. f3 a6 13. bxa6 c6 14. b4 b5 15.
a4 Rxa6 16. a5 Ra8 17. Bd3 Na6 18. Bd2 Kd7 19. e4 Ne8 20. e5 h6 21. h4 h5 22.
O-O-O g6 23. Kb2 Ng7 24. g4 Rh7 25. Kb3 Rah8 26. Bg5 Rg8 27. Rc1 Ra8 28. Rc2 Nc7
29. Rg2 Rc8 30. Be2 Ra8 31. Rgh2 Nce8 32. Kc3 Ra6 33. Bd3 Ra8 34. Rc1 Ra6 35.
Rhc2 Nc7 36. Kb3 Nge8 37. Be2 Ng7 38. Rc5 Nge8 39. R5c3 Ng7 40. R3c2 Nge8 41.
gxh5 Rxh5 42. f4 Rh7 43. h5 Ng7 44. hxg6 fxg6 45. Bd3 Nf5 46. Kc3 Ra8 47. Bf6
Rh3 48. Rg2 Na6 49. Rxg6 Nxb4 50. Kxb4 Rxd3 51. Rh1 c5+ 52. Kxc5 Rc8+ 1/2-1/2

[Event "WYCC U16 Open 2013"]
[Site "Al-Ain UAE"]
[Date "2013.12.21"]
[Round "4.37"]
[White "Tominga, Eke"]
[Black "Reshef, Omer"]
[Result "1/2-1/2"]
[WhiteElo "2064"]
[BlackElo "2253"]
[WhiteFideId "4503570"]
[BlackFideId "2804336"]
[EventDate "2013.12.18"]

1. e4 c5 2. Nf3 d6 3. d4 cxd4 4. Nxd4 Nf6 5. Nc3 g6 6. Be3 Bg7 7. f3 O-O 8. Qd2
Nc6 9. g4 Nxd4 10. Bxd4 Be6 11. O-O-O Qa5 12. a3 Rfc8 13. h4 Rab8 14. Nd5 Qxd2+
15. Rxd2 Bxd5 16. exd5 a6 17. Be2 Nd7 18. f4 Bxd4 19. Rxd4 Rc5 20. c3 b5 21. Kd2 1/2-1/2

[Event "WYCC U16 Open 2013"]
[Site "Al-Ain UAE"]
[Date "2013.12.21"]
[Round "4.38"]
[White "Nuri, Murad"]
[Black "Bezuidenhout, Roland"]
[Result "1/2-1/2"]
[BlackTitle "CM"]
[WhiteElo "2250"]
[BlackElo "2037"]
[WhiteFideId "13404474"]
[BlackFideId "14304562"]
[EventDate "2013.12.18"]

1. d4 d5 2. c4 c6 3. e3 Nf6 4. Nf3 a6 5. Nbd2 Bf5 6. Be2 e6 7. O-O Be7 8. b3 Ne4
9. Bb2 Nd7 10. Nxe4 Bxe4 11. Re1 O-O 12. Nd2 Bg6 13. Bf1 Nf6 14. f3 c5 15. cxd5
exd5 16. Rc1 b6 17. Nb1 Re8 18. Ba3 Qc7 19. Nc3 Bd6 20. g3 Rad8 21. Na4 Nd7 1/2-1/2

[Event "WYCC U16 Open 2013"]
[Site "Al-Ain UAE"]
[Date "2013.12.21"]
[Round "4.39"]
[White "Nikolov, Rumen"]
[Black "Toma, Radu-Cristian"]
[Result "0-1"]
[WhiteElo "2023"]
[BlackElo "2245"]
[WhiteFideId "2911620"]
[BlackFideId "1217992"]
[EventDate "2013.12.18"]

1. e4 c5 2. Nf3 Nc6 3. d4 cxd4 4. Nxd4 e6 5. Nc3 Qc7 6. g3 a6 7. Bg2 Nf6 8. O-O
Be7 9. h3 O-O 10. g4 Nxd4 11. Qxd4 Bc5 12. Qd3 d6 13. Be3 Bxe3 14. Qxe3 e5 15.
Rad1 Be6 16. Rd2 Rfd8 17. Rfd1 h6 0-1

[Event "WYCC U16 Open 2013"]
[Site "Al-Ain UAE"]
[Date "2013.12.21"]
[Round "4.40"]
[White "Zakaryan, David"]
[Black "Balaji, Ananthanarayanan"]
[Result "1-0"]
[WhiteElo "2196"]
[BlackElo "1973"]
[WhiteFideId "24101923"]
[BlackFideId "421197"]
[EventDate "2013.12.18"]

1. d4 Nf6 2. c4 g6 3. Nc3 d5 4. Nf3 Bg7 5. Qb3 dxc4 6. Qxc4 O-O 7. g3 c6 8. Bg2
Nbd7 9. O-O Nb6 10. Qd3 Nfd5 11. Rd1 Nb4 12. Qb1 N4d5 13. e4 Nxc3 14. bxc3 c5
15. Bf4 cxd4 16. cxd4 Bg4 17. Qd3 Rc8 18. Rab1 Qd7 19. Be3 Nc4 20. h3 Bxh3 21.
Bxh3 Qxh3 22. Rxb7 Qg4 23. Kg2 e5 24. dxe5 Nxe5 25. Nxe5 Bxe5 26. Qd5 Rc3 27.
Rb3 Rxb3 28. axb3 Bf6 29. f3 Qc8 30. Rc1 Qb8 31. Bf4 Qb6 32. Rc6 Qd4 33. Qxd4
Bxd4 34. Bd6 Re8 35. Bc5 1-0

[Event "WYCC U16 Open 2013"]
[Site "Al-Ain UAE"]
[Date "2013.12.21"]
[Round "4.41"]
[White "Naoum, Spyridon"]
[Black "Jumanov, Elbek"]
[Result "1/2-1/2"]
[WhiteElo "2183"]
[BlackElo "2019"]
[WhiteFideId "4227506"]
[BlackFideId "14202905"]
[EventDate "2013.12.18"]

1. d4 Nf6 2. Nf3 g6 3. c4 c5 4. Nc3 cxd4 5. Nxd4 Nc6 6. g3 Bg7 7. Bg2 Nxd4 8.
Qxd4 O-O 9. O-O d6 10. Qh4 Qa5 11. Bg5 Qb4 12. Rab1 Be6 13. Bd5 Rac8 14. Rfc1
Bxd5 15. Bxf6 Rxc4 16. Nxd5 Rxh4 17. Nxb4 Rxb4 18. Bxe7 Re8 19. Bxd6 Rxb2 20.
Rxb2 Bxb2 21. Rc2 Be5 1/2-1/2

[Event "WYCC U16 Open 2013"]
[Site "Al-Ain UAE"]
[Date "2013.12.21"]
[Round "4.42"]
[White "Lien, Kjell Hakon"]
[Black "Khodashenas, Mersad"]
[Result "0-1"]
[WhiteElo "2011"]
[BlackElo "2182"]
[WhiteFideId "1510444"]
[BlackFideId "12514195"]
[EventDate "2013.12.18"]

1. c4 Nf6 2. Nc3 e6 3. e4 d5 4. e5 Nfd7 5. cxd5 exd5 6. d4 Nb6 7. Nf3 Bf5 8. Be3
Be7 9. Be2 Qd7 10. O-O Nc6 11. Rc1 O-O 12. Nd2 Nxe5 13. dxe5 d4 14. Nb5 dxe3 15.
Rxc7 Qd8 16. fxe3 Nd5 17. e4 Nxc7 18. exf5 Nxb5 0-1

[Event "WYCC U16 Open 2013"]
[Site "Al-Ain UAE"]
[Date "2013.12.21"]
[Round "4.43"]
[White "Dixit, Kumar"]
[Black "Bayramov, Elkhan Khayyat"]
[Result "1/2-1/2"]
[WhiteElo "1951"]
[BlackElo "2173"]
[WhiteFideId "421103"]
[BlackFideId "13400525"]
[EventDate "2013.12.18"]

1. d4 c5 2. d5 e5 3. c4 d6 4. Nc3 f5 5. e4 Nf6 6. exf5 Bxf5 7. Bd3 Qd7 8. Bxf5
Qxf5 9. Nge2 Qg4 10. Qb3 b6 11. Nb5 Qd7 12. a4 a5 13. O-O Be7 14. f4 O-O 15.
fxe5 dxe5 16. Qg3 Na6 17. Qxe5 Rae8 18. Nf4 Rf7 19. Ne6 Bd8 20. Bd2 Bc7 21.
Nbxc7 Nxc7 22. Rae1 Qxa4 23. Bg5 Qxc4 24. Bxf6 Nxe6 25. dxe6 Rxf6 26. Rxf6 gxf6
27. Qc7 Rf8 28. e7 Re8 29. Rd1 Qe2 30. Qg3+ Kf7 31. Re1 Qxb2 32. Qh3 Qd4+ 33.
Kh1 Kg7 34. Qe6 a4 35. h3 a3 36. Qc6 Qf2 37. Qxe8 Qxe1+ 38. Kh2 Qe5+ 39. Kh1
Qa1+ 40. Kh2 Qe5+ 1/2-1/2

[Event "WYCC U16 Open 2013"]
[Site "Al-Ain UAE"]
[Date "2013.12.21"]
[Round "4.44"]
[White "Percivaldi, Martin"]
[Black "Lopatik, Nikita"]
[Result "0-1"]
[WhiteElo "2169"]
[BlackElo "1956"]
[WhiteFideId "1508148"]
[BlackFideId "13504150"]
[EventDate "2013.12.18"]

1. d4 Nf6 2. c4 e6 3. g3 Bb4+ 4. Bd2 c5 5. Bxb4 cxb4 6. Nf3 O-O 7. Bg2 d6 8. O-O
Nc6 9. Nbd2 e5 10. e3 h6 11. Qc2 a5 12. h3 Qe7 13. dxe5 dxe5 14. e4 Rd8 15. Rfd1
Be6 16. Nf1 Rac8 17. b3 Qc5 18. Qe2 g5 19. g4 Ne7 20. Qe3 Qxe3 21. fxe3 Nxe4 22.
Nxe5 Rxd1 23. Rxd1 Nc3 24. Rd2 b5 25. cxb5 Nxb5 26. Ng3 Nc3 27. Ne2 Ned5 28.
Bxd5 Nxe2+ 29. Rxe2 Bxd5 30. Rd2 Be6 31. Kg2 Rc5 32. Nf3 Rc3 33. Kf2 a4 34. bxa4
Ra3 35. Nd4 Rxa2 36. Ke2 Bc4+ 37. Ke1 b3 38. Nb5 Bxb5 39. axb5 b2 0-1

[Event "WYCC U16 Open 2013"]
[Site "Al-Ain UAE"]
[Date "2013.12.21"]
[Round "4.45"]
[White "Abe, Mahiro"]
[Black "Markoja, Boris"]
[Result "0-1"]
[WhiteElo "2009"]
[BlackElo "2167"]
[WhiteFideId "7000235"]
[BlackFideId "14608502"]
[EventDate "2013.12.18"]

1. e4 c5 2. c3 Nf6 3. e5 Nd5 4. Nf3 Nc6 5. Bc4 Nb6 6. Bb3 d5 7. exd6 c4 8. Bc2
e5 9. d4 cxd3 10. Qxd3 Qxd6 11. O-O Qxd3 12. Bxd3 f6 13. Nbd2 Be6 14. Re1 Kf7
15. Nb3 Rd8 16. Bb5 a6 17. Bf1 Na4 18. Nfd2 Be7 19. Bc4 Bxc4 20. Nxc4 b5 21.
Nca5 Nxa5 22. Nxa5 Rd3 23. Rb1 Bc5 24. Nb3 Bb6 25. Kf1 Rhd8 26. Na1 Bc5 27. Nc2
Nb6 28. Be3 Bxe3 29. Nxe3 Ke6 30. Red1 Na4 31. Rxd3 Rxd3 32. Ke2 Rxc3 33. b3 Nb6
34. Rd1 f5 35. Rd2 Rc8 36. g3 g5 37. f3 h5 38. h3 f4 39. Nf1 Nd5 40. g4 hxg4 41.
hxg4 Nf6 42. Kd3 e4+ 43. fxe4 Nxg4 44. Rg2 Ne5+ 45. Kd2 g4 46. Rf2 g3 47. Rg2
Rd8+ 48. Kc3 a5 49. Kc2 Nf3 50. Kc1 Ke5 51. a4 b4 52. Nxg3 Rg8 53. Kd1 fxg3 54.
Ke2 Nh4 55. Rg1 g2 56. Kf2 Kxe4 57. Re1+ Kd3 58. Re3+ Kd4 0-1

[Event "WYCC U16 Open 2013"]
[Site "Al-Ain UAE"]
[Date "2013.12.21"]
[Round "4.47"]
[White "Popov, Kirill"]
[Black "Darling, Simeon C."]
[Result "1-0"]
[BlackTitle "CM"]
[WhiteElo "2158"]
[BlackElo "1928"]
[WhiteFideId "24157457"]
[BlackFideId "14305356"]
[EventDate "2013.12.18"]

1. e4 c5 2. Nf3 d6 3. d4 cxd4 4. Nxd4 Nf6 5. Nc3 a6 6. Be3 Ng4 7. Bg5 h6 8. Bh4
g5 9. Bg3 Bg7 10. Be2 h5 11. Bxg4 hxg4 12. O-O Nc6 13. Nf5 Bxf5 14. exf5 Bxc3
15. bxc3 Qd7 16. Qxg4 O-O-O 17. Rfd1 f6 18. c4 Ne5 19. Bxe5 Rh4 20. Qg3 fxe5 21.
Qxg5 Rdh8 22. h3 R4h5 23. Qg7 R5h7 24. Qg6 Rh6 25. Qf7 Rf6 26. Qg7 Rhf8 27. g4
Qc6 28. Rab1 R8f7 29. Qg8+ Kc7 30. Rd3 b5 31. cxb5 Qxc2 32. Rdd1 Rf8 33. Qd5 e6
34. Qxd6+ 1-0